50 największych państw na świecie - Quiz na mapie - Statystyki

Ogólne statystyki
  • Ten quiz został rozwiązany 20 495 razy
  • Średni wynik to 32 z 50
Odpowiedzi na mapie
Odpowiedzi zakodowano w zielono-czerwonej skali na mapie do tego quizu, zgodnie z poniższymi procentami.
 
Statystyki odpowiedzi
Odpowiedź % Poprawnych
Rosja
92%
Australia
87%
Brazylia
86%
Chiny
86%
Stany Zjednoczone
86%
Kanada
85%
Argentyna
82%
Indie
82%
Meksyk
81%
Kazachstan
79%
Arabia Saudyjska
77%
Indonezja
75%
Mongolia
75%
Francja
72%
Ukraina
72%
Chile
71%
Egipt
71%
Madagaskar
71%
Algieria
70%
Republika
Południowej Afryki
70%
Turcja
70%
Iran
68%
Peru
66%
Libia
64%
Boliwia
63%
Demokratyczna
Republika Konga
63%
Jemen
63%
Wenezuela
63%
Tajlandia
62%
Kolumbia
61%
Afganistan
59%
Pakistan
59%
Sudan
59%
Somalia
57%
Etiopia
53%
Republika
Środkowoafrykańska
53%
Czad
52%
Sudan Południowy
51%
Mjanma
50%
Niger
50%
Mauretania
49%
Nigeria
49%
Angola
48%
Mali
48%
Mozambik
47%
Kenia
46%
Namibia
44%
Botswana
43%
Tanzania
42%
Zambia
41%
Nie znaleziono quizów pasujących do podanych kryteriów
Rozkład punktacji
Procent ludzi z każdym wynikiem
Percentyl według liczby udzielonych odpowiedzi
Twoja historia wyników
Nie rozwiązałeś tego quizu